Survey of Nigerian affairs, 1978-79 / (Record no. 678)

000 -LEADER
fixed length control field 00311nam a22000975a 4500
020 ## - INTERNATIONAL STANDARD BOOK NUMBER
ISBN 9781328320 (pbk.)
245 00 - TITLE STATEMENT
Title Survey of Nigerian affairs, 1978-79 /
260 ## - PUBLICATION, DISTRIBUTION, ETC. (IMPRINT)
Place of publication Ibadan :
Name of publisher Nigerian Institute of International Affairs in co-operation with Macmillan Nigeria Publishers,
Year of publication 1988.
300 ## - PHYSICAL DESCRIPTION
Number of Pages 375 p. ;
942 ## - ADDED ENTRY ELEMENTS (KOHA)
Koha item type Books
Holdings
Withdrawn status Lost status Collection code Permanent Location Current Location Shelving location Date acquired Source of acquisition Full call number Accession Number Koha item type
    Non-fiction CONFERENCE HALL-LIBRARY CONFERENCE HALL-LIBRARY General Stacks 2017-02-08 Purchase 325 1761 Books
State House Library, Nigeria
State House Nigeria
Abuja, Federal Capital Territory, Nigeria.
Contact number: +2348055064818, +2348098381871
Library URL: https://library.statehouse.gov.ng

© State House Library, Nigeria. All rights reserved.